Instructor's guide to text and media igenetics
Sparad:
| Huvudupphovsman: | |
|---|---|
| Materialtyp: | Bok |
| Språk: | Undetermined |
| Publicerad: |
San Francisco
Benjamin Cummings
2002
|
| Ämnen: | |
| Taggar: |
Lägg till en tagg
Inga taggar, Lägg till första taggen!
|
| Thư viện lưu trữ: | Trung tâm Học liệu Trường Đại học Cần Thơ |
|---|
| LEADER | 00515nam a2200181Ia 4500 | ||
|---|---|---|---|
| 001 | CTU_161955 | ||
| 008 | 210402s9999 xx 000 0 und d | ||
| 082 | |a 576.5 | ||
| 082 | |b F382 | ||
| 100 | |a Ferrel, Rebecca V. | ||
| 245 | 0 | |a Instructor's guide to text and media igenetics | |
| 245 | 0 | |c Rebecca V. Ferrel | |
| 260 | |a San Francisco | ||
| 260 | |b Benjamin Cummings | ||
| 260 | |c 2002 | ||
| 650 | |a Genetics,Di truyền học | ||
| 910 | |a Nguyên | ||
| 980 | |a Trung tâm Học liệu Trường Đại học Cần Thơ | ||